| 000 | 00418nam a22001577a 4500 | ||
|---|---|---|---|
| 999 |
_c2411 _d2411 |
||
| 005 | 20181013122901.0 | ||
| 008 | 181013b ||||| |||| 00| 0 eng d | ||
| 040 | _cDLC | ||
| 082 |
_a242 _bG986W |
||
| 100 | _aGuy, Ellis & Lillie | ||
| 245 |
_aThe Writings of Reverent Karl _cEllis & Lillie Guy |
||
| 260 |
_aFlorida _bLife Publishing _c2004 |
||
| 300 | _a130p,; | ||
| 650 |
_amission _xchristian life |
||
| 942 |
_2ddc _cBK |
||